000 00629nam a2200241Ia 4500
003 OSt
005 20221007071208.0
006 a|||||r|||| 00| 0
007 ta
008 221006b |||||||| |||| 00| 0 eng d
024 _a30,250
037 _cTextual
040 _aFLL
_cFLL
_beng
041 _2eng
_aeng
082 _aZ:91, K4
100 _aPaton George Whitecross Ed.
_9688282
245 0 _aJurisprudence
250 _a3rd
260 _aLondo
_bOxford University Press UK
_c1964
300 _axv,600p
_ccm.
942 _hZ:91, K4
_cTEXL
_2CC
999 _c1142712
_d1142712